00905 2200313 4500001002100000005001500021035002000036007000300056008004100059020002200100082001200122084001400134100002900148245005100177250003000228300004600258650001800304700003200322504003100354264003200385336002100417337003000438338002300468040002200491090002200513850001200535999002200547990002200569INLIS00000000087986820230710015043 a0010-0723000239ta230710s2023 yoia g ind d a978-623-02-6307-104223a547 a547 MAR t0 aMardi SantosoePengarang10aTrisindolin /cMardi Santoso, First Ambar Wati aCetakan pertama: Mei 2023 axii, 90 halaman :bgambar, tabel ;c23 cm04aKimia organik0 aFirst Ambar WatiePengarang aBibliografi: halaman 74-8831aSleman :bDeepublish,c2023 2rdacontentateks 2rdamediaatanpa perantara 2rdacarrieravolume aYOPDYOGbinderda aCB-D.11 2023-1143 aYOPDYOG aCB-D.11/2023-1143 aCB-D.11/2023-1143